00932nas a2200229Ia 4500001001100000003000900011008004100020040001300061040001300074041001300087100004400100210001200144222001200156245007600168250001100244260002200255501008600277300001900363362002500382500025200407650004300659R142/77663IT-RoPAU151124c99999999xx |||||||||||| ||und|| aIT-RoPAU cIT-RoPAU aFRANCESE aPajon PatrickgCodice Aut. SPICS: 17594 aRESEAUX aReseaux aRESEAUX, N.037 (OTTOBRE 1989)bVideotex Comme Industrie Culturelle (Le) a2a ed. aPARISbCNETc1989 bPaulus - SPICS - Società San Paolo EM (non-commercial uses only)cCopyright2015 a12 p. [99-110] aN.037 (OTTOBRE 1989) aVideotex Come Industria Culturale. Elaborazione di una Telematica di Comunicazione. Avvenimento dei Servizi di Transazione. Diversificazione Delle Imprese di Comunicazione. Affermazione di una Nuova Configurazione Economica.Nuove Piste di Ricerca. aCOMUNICAZIONEvPUBBLICAZIONE PERIODICA